ბათუმის შოთა რუსთაველის სახელმწიფო უნივერსიტეტის ბიბლიოთეკა

Advanced English for translation (ბიბ.ჩანაწერი № 36186)

000 -LEADER
fixed length control field 00863nam a2200229Ia 4500
001 - CONTROL NUMBER
control field 2088
003 - CONTROL NUMBER IDENTIFIER
control field GE_BSU
005 - DATE AND TIME OF LATEST TRANSACTION
control field 20221024152733.0
008 - FIXED-LENGTH DATA ELEMENTS--GENERAL INFORMATION
fixed length control field 181216s1976en xx |||||||||||||| ||eng||
020 ## - INTERNATIONAL STANDARD BOOK NUMBER
International Standard Book Number 7769515392
040 ## - CATALOGING SOURCE
Transcribing agency GE_BSU
041 ## - LANGUAGE CODE
Language code of text/sound track or separate title eng
Language code of original rus
080 ## - UNIVERSAL DECIMAL CLASSIFICATION NUMBER
Universal Decimal Classification number 802.0(075.8) А-28
245 ## - TITLE STATEMENT
Title Advanced English for translation
Remainder of title Перевод с англ. языка /
Statement of responsibility, etc. Авторы сост. Н.П. Федорова, А.И. Варшавская.
264 ## - PRODUCTION, PUBLICATION, DISTRIBUTION, MANUFACTURE, AND COPYRIGHT NOTICE
Place of production, publication, distribution, manufacture Москва :
Name of producer, publisher, distributor, manufacturer СПБAkademia,
Date of production, publication, distribution, manufacture, or copyright notice 2004.
300 ## - PHYSICAL DESCRIPTION
Extent 100 c.
Other physical details 21cm.
653 ## - INDEX TERM--UNCONTROLLED
keyword Advanced English for translation
653 ## - INDEX TERM--UNCONTROLLED
keyword Перевод с англ. языка.
700 ## - ADDED ENTRY--PERSONAL NAME
Personal name Федорова, Н.П.
Relator term ავტორ-შემდგენელი
9 (RLIN) 15490
700 ## - ADDED ENTRY--PERSONAL NAME
Personal name Варшавская, А.И.
Relator term ავტორ-შემდგენელი
9 (RLIN) 15491
942 ## - ADDED ENTRY ELEMENTS (KOHA)
Koha item type წიგნი
Source of classification or shelving scheme
ეგზემპლარები
Withdrawn status Lost status Source of classification or shelving scheme Damaged status Not for loan Permanent Location Current Location Shelving location Date acquired Cost, normal purchase price Full call number Barcode Date last seen Copy number Price effective from Koha item type Public note
          ბათუმის შოთა რუსთაველის სახელმწიფო უნივერსიტეტის მთავარი ბიბლიოთეკა ბათუმის შოთა რუსთაველის სახელმწიფო უნივერსიტეტის მთავარი ბიბლიოთეკა წიგნსაცავი 2018-12-17 6.00 81'25 А-28 4375 2018-12-17 4375 2018-12-17 წიგნი 6.00